Statistiche per Stati dell'Austria - Quiz con mappa

Clicka qui per fare il quiz!

Statistiche generali

  • Questo quiz è stato fatto 2.883 volte
  • Il punteggio medio è 4 su 9

Risposte nella Mappa

Le risposte nella mappa del quiz sottostante sono codificate secondo una scala di colori dal rosso al verde in base alla % di persone che hanno risposto correttamente.
 

Statistiche sulle risposte

Risposta% Corretto
Vienna
82%
Alta Austria
66%
Tirolo
59%
Salisburghese
44%
Bassa Austria
30%
Burgenland
27%
Stiria
27%
Vorarlberg
27%
Carinzia
26%

Distribuzione punteggi

Percentile per numero di risposta

Percentuale di utenti per punteggio

I tuoi punteggi nel tempo

Non hai fatto questo quiz